Counties of England - Sudden Death - Statistics

General Stats
  • This quiz has been taken 58 times
  • The average score is 9 of 15
Answers on the Grid
Answers color-coded by a green-red scale on the quiz's grid according to % correct below.
Greater London
City of London
Cornwall
Essex
Devon
Greater Manchester
Kent
Norfolk
Buckinghamshire
Oxfordshire
Lancashire
Isle of Wight
Merseyside
Warwickshire
Wiltshire
City of Birmingham
Isle of Man
Jersey
Lake District
Terkshire
Bath
Newcastle Upon Tyne
Canterbury
Lambeth
Westminstershire
Croydon
City of Liverpool
Nunavut
Reading
Ealing
 
Answer Stats
Answer % Correct
Cornwall
72%
Kent
72%
Buckinghamshire
70%
Lancashire
67%
Oxfordshire
65%
Essex
63%
Norfolk
61%
Merseyside
59%
Warwickshire
59%
Wiltshire
59%
Devon
57%
Greater Manchester
57%
Greater London
50%
Isle of Wight
41%
City of London
37%
No matching quizzes found
Score Distribution
Percent of People with Each Score
Percentile by Number Answered
Your Score History
You have not taken this quiz